000 01240nam a2200313Ia 4500
001 9780203384732
003 BD-DhSAU
005 20151012151720.0
006 a|||||s|||||||||||
007 cr||||
008 130703s2013 enka sb 001 0 eng d
020 _a9780203384732 (e-book : PDF)
040 _aBD-DhSAU
_cBD-DhSAU
090 _aHD59
_b.G687 2013
092 _a659.2
_bG822
100 1 _aGregory, Anne,
_d1953-
245 1 0 _aStrategic public relations leadership
_h[electronic resource] /
_cAnne Gregory and Paul Willis.
260 _aAbingdon, Oxon ;
_aNew York, N.Y. :
_bRoutledge,
_c2013.
300 _aviii, 164 p. :
_bill.
504 _aIncludes bibliographical references and index.
505 0 _apt. 1. The strategic contribution of public relations -- pt. 2. The preoccupations of public relations leaders -- pt. 3. The responsibilities of public relations leaders.
530 _aAlso available in print edition.
538 _aMode of access: World Wide Web.
650 0 _aPublic relations
_xManagement.
655 7 _aElectronic books.
_2lcsh
700 1 _aWillis, Paul A.
776 1 _z9780415667944 (hardback)
_z9780415667951 (pbk.)
856 4 0 _uhttp://www.tandfebooks.com/isbn/9780203384732
999 _c12743
_d12742